000
00445nam a2200181Ia 4500
008
100917s9999 xx 000 0 und d
082
_b
8525
100
_a
बुवा वि. आ.
245
_a
पसंत आहे
260
_b
---
300
_a
116
365
_b
4
520
_a
कादंबरी
630
_a
पसंत आहे
650
_a
कादंबरी
730
_a
पसंत आहे
942
_c
BOOK
999
_c
613919
_d
613916